AH International Schools' Libraries

Twenty thousand leagues under the sea / (Record no. 49532)

MARC details
000 -LEADER
fixed length control field 00307nam a2200109 4500
020 ## - INTERNATIONAL STANDARD BOOK NUMBER
International Standard Book Number 9781911091066
100 ## - MAIN ENTRY--PERSONAL NAME
Personal name Verne, Jules
9 (RLIN) 72597
245 ## - TITLE STATEMENT
Title Twenty thousand leagues under the sea /
Statement of responsibility, etc Jules Verne & Tony Evans
260 ## - PUBLICATION, DISTRIBUTION, ETC. (IMPRINT)
Place of publication, distribution, etc UK
Name of publisher, distributor, etc Real Reads
Date of publication, distribution, etc 2017
300 ## - PHYSICAL DESCRIPTION
Extent 64 p.
Other physical details col. ill.
Dimensions 20 cm.
942 ## - ADDED ENTRY ELEMENTS (KOHA)
Source of classification or shelving scheme
Koha item type Book
Holdings
Withdrawn status Lost status Source of classification or shelving scheme Damaged status Not for loan Home library Current library Shelving location Date acquired Total Checkouts Full call number Barcode Date last seen Date checked out Price effective from Koha item type
          Asian Hope Primary Library Asian Hope Primary Library Junior Fiction 09/08/2025 5 J FIC VER 208159 03/17/2026 03/03/2026 09/08/2025 Book

For any Logos Library related questions please contact Miss Art at swongnarasuk@asianhope.org.

For any Asian Hope Library related questions please contact Miss Raza at graza@asianhope.org.

Powered by Koha